| 000 | 00594nam a22001937a 4500 | ||
|---|---|---|---|
| 003 | OSt | ||
| 005 | 20180116183028.0 | ||
| 008 | 151216b xxu||||| |||| 00| 0 eng d | ||
| 020 | _a02-577-97-1 | ||
| 024 | _202-577-97-1 | ||
| 040 | _cLahore LUMS | ||
| 082 | _a174.4 LUM 1997 | ||
| 100 | _aSipra N, Malik N | ||
| 245 |
_aHEAVY MECHANICAL COMPLEX LIMITED TAXILA (A): VALUATION _cSipra N, Malik N |
||
| 260 |
_aLahore LUMS _b Lahore University of Management Sciences _c1997 |
||
| 300 |
_a22 p. _bPapers |
||
| 440 | _aHEAVY MECHANICAL COMPLEX LIMITED TAXILA (A): VALUATION | ||
| 942 |
_2ddc _cCS |
||
| 999 |
_c350902 _d350902 |
||